| 000 | 00672nam a2200241Ia 4500 | ||
|---|---|---|---|
| 003 | OSt | ||
| 005 | 20221006143416.0 | ||
| 006 | a|||||r|||| 00| 0 | ||
| 007 | ta | ||
| 008 | 221006b |||||||| |||| 00| 0 eng d | ||
| 020 |
_c _4.50(each) |
||
| 024 | _a8,875 | ||
| 037 | _cTextual | ||
| 040 |
_aEASL _cEASL _beng |
||
| 041 |
_2eng _aeng |
||
| 082 | _aV42:191(zB).N5, K8-;1 | ||
| 100 | _aKAJIMA Morinosuke | ||
| 245 | 0 | _aEmegence of Japan as a world power | |
| 260 |
_aTokyo _bCharles E. Tuttle Co.: Publishers Japan _c1968 |
||
| 300 |
_a404p. _ccm. |
||
| 942 |
_hV42:191(zB).N5, K8-;1 _cTEXL _2CC |
||
| 999 |
_c1076961 _d1076961 |
||